<?xml version="1.0" encoding="UTF-8"?>
<record
    xmlns:xsi="http://www.w3.org/2001/XMLSchema-instance"
    xsi:schemaLocation="http://www.loc.gov/MARC21/slim http://www.loc.gov/standards/marcxml/schema/MARC21slim.xsd"
    xmlns="http://www.loc.gov/MARC21/slim">

  <leader>00862ngm a22002657a 4500</leader>
  <controlfield tag="005">20220608135616.0</controlfield>
  <controlfield tag="008">150324b        xxu||||| |||| 00| 0 spa d</controlfield>
  <datafield tag="041" ind1=" " ind2=" ">
    <subfield code="a">spa</subfield>
  </datafield>
  <datafield tag="082" ind1=" " ind2=" ">
    <subfield code="a">311 DVD</subfield>
  </datafield>
  <datafield tag="100" ind1=" " ind2=" ">
    <subfield code="a">Rubin, Daphra</subfield>
    <subfield code="9">22031</subfield>
  </datafield>
  <datafield tag="245" ind1=" " ind2=" ">
    <subfield code="a">Metanfetaminas: un regalo de muerte</subfield>
  </datafield>
  <datafield tag="260" ind1=" " ind2=" ">
    <subfield code="a">M&#xE9;xico</subfield>
  </datafield>
  <datafield tag="260" ind1=" " ind2=" ">
    <subfield code="b">Discovery Communication</subfield>
  </datafield>
  <datafield tag="260" ind1=" " ind2=" ">
    <subfield code="c">2010</subfield>
  </datafield>
  <datafield tag="300" ind1=" " ind2=" ">
    <subfield code="a">60 minutos</subfield>
  </datafield>
  <datafield tag="500" ind1=" " ind2=" ">
    <subfield code="a">El v&#xED;deo muestra los efectos da&#xF1;inos de consumir metanfetaminas. Se realizan entrevistas a consumidores en los que la droga esta acabando con sus piezas dentales, piel y cabelllo</subfield>
  </datafield>
  <datafield tag="650" ind1=" " ind2=" ">
    <subfield code="a">METANFETAMINAS</subfield>
    <subfield code="9">4530</subfield>
  </datafield>
  <datafield tag="650" ind1=" " ind2=" ">
    <subfield code="a">DROGAS</subfield>
    <subfield code="9">1131</subfield>
  </datafield>
  <datafield tag="650" ind1=" " ind2=" ">
    <subfield code="a">ABUSO DE DROGAS</subfield>
    <subfield code="9">17656</subfield>
  </datafield>
  <datafield tag="650" ind1=" " ind2=" ">
    <subfield code="a">CONSUMO DE DROGAS</subfield>
    <subfield code="9">15775</subfield>
  </datafield>
  <datafield tag="650" ind1=" " ind2=" ">
    <subfield code="a">DROGADICTOS</subfield>
    <subfield code="9">25958</subfield>
  </datafield>
  <datafield tag="650" ind1=" " ind2=" ">
    <subfield code="a">EFECTOS FISIOL&#xD3;GICOS</subfield>
    <subfield code="9">2348</subfield>
  </datafield>
  <datafield tag="650" ind1=" " ind2=" ">
    <subfield code="a">CAMBIOS F&#xCD;SICOS</subfield>
    <subfield code="9">25959</subfield>
  </datafield>
  <datafield tag="942" ind1=" " ind2=" ">
    <subfield code="c">DVD</subfield>
  </datafield>
  <datafield tag="999" ind1=" " ind2=" ">
    <subfield code="c">4102</subfield>
    <subfield code="d">4102</subfield>
  </datafield>
  <datafield tag="952" ind1=" " ind2=" ">
    <subfield code="0">0</subfield>
    <subfield code="1">0</subfield>
    <subfield code="4">0</subfield>
    <subfield code="7">0</subfield>
    <subfield code="a">BACB</subfield>
    <subfield code="b">BACB</subfield>
    <subfield code="d">2017-02-24</subfield>
    <subfield code="l">0</subfield>
    <subfield code="o">311 DVD</subfield>
    <subfield code="p">311DVD</subfield>
    <subfield code="r">2017-02-24 00:00:00</subfield>
    <subfield code="w">2017-02-24</subfield>
    <subfield code="y">DVD</subfield>
  </datafield>
</record>
